Engineering electromagnetics
Engineering Electromagnetics is a "classic" book that has been updated for electromagnetics in today's world. This widely respected book stresses fundamentals and problem solving and discusses the material in an understandable, readable way. Numerous illustrations and analogies are pr...
Guardado en:
| Autor principal: | |
|---|---|
| Otros Autores: | |
| Formato: | Libro |
| Lenguaje: | Vietnamese |
| Publicado: |
New York
McGraw-Hill Higher Education
2006
|
| Edición: | 7th ed. |
| Materias: | |
| Etiquetas: |
Agregar Etiqueta
Sin Etiquetas, Sea el primero en etiquetar este registro!
|
| Thư viện lưu trữ: | Thư viện Trường Đại học Nam Cần Thơ |
|---|
| LEADER | 01399nam a22002417a 4500 | ||
|---|---|---|---|
| 001 | NCT_88110 | ||
| 008 | 201223b xxu||||| |||| 00| 0 vie d | ||
| 999 | |c 4344 |d 4344 | ||
| 020 | |a 0071244492 | ||
| 082 | 0 | 4 | |2 23rd ed. |a 530.14 |b H426 |
| 100 | 1 | |a Hayt, William H. | |
| 245 | 1 | 0 | |a Engineering electromagnetics |c William H. Hayt, John A. Buck |
| 250 | |a 7th ed. | ||
| 260 | |a New York |b McGraw-Hill Higher Education |c 2006 | ||
| 300 | |a xix, 582 p. |c 24cm |e 1 CD ROM | ||
| 500 | |a Includes index | ||
| 520 | 3 | |a Engineering Electromagnetics is a "classic" book that has been updated for electromagnetics in today's world. This widely respected book stresses fundamentals and problem solving and discusses the material in an understandable, readable way. Numerous illustrations and analogies are provided to the aid the reader in grasping difficult concepts. In addition, independent learning is facilitated by the presence of many examples and problems. | |
| 653 | |a Kỹ thuật cơ khí động lực | ||
| 700 | 1 | |a Buck, John A. | |
| 942 | |2 ddc |c BK | ||
| 952 | |0 0 |1 0 |2 ddc |4 0 |6 530_140000000000000_H426 |7 0 |9 20947 |a 000001 |b 000001 |d 2020-12-23 |o 530.14 H426 |p MD.18224 |r 2020-12-23 |w 2020-12-23 |y BK | ||
| 952 | |0 0 |1 0 |2 ddc |4 0 |6 530_140000000000000_H426 |7 0 |9 20948 |a 000001 |b 000001 |d 2020-12-23 |o 530.14 H426 |p MD.18225 |r 2020-12-23 |w 2020-12-23 |y BK | ||
| 980 | |a Thư viện Trường Đại học Nam Cần Thơ | ||


